| 000 | 00379nam a2200097Ia 4500 | ||
|---|---|---|---|
| 008 | 180130s9999 xx 000 0 und d | ||
| 245 |
_cMockus, A. _aOperational data are missing, incorrect, and decontextualized |
||
| 260 | _c2016 | ||
| 300 | _aBook title: Perspectives on data science for software engineering--Acession number C20893; pages 317-322 | ||
| 650 | _aSOFTWARE ENGINEERING | ||
| 999 |
_c354336 _d354336 |
||